000 00593nam a2200205Ia 4500
005 20250508154656.0
008 008 250505s9999 xx 000 0 eng d
037 _aTextual
040 _aFEDL
_beng
_cFEDL
041 _aeng
_2eng
084 _a370.1, BRO
_qFEDL
100 _aBrown L.M.
_9765834
245 0 _aGeneral philosophy in education
260 _aNew York, USA
_bMcGraw Hill Book Company
_c1966
300 _axii,244p.
490 _aMcGraw-Hill Series in Education
650 _aEducation-Philosophy
942 _cTEXL
_h370.1, BRO
999 _c1351536
_d1351536